Discurso pronunciado en las Naciones Unidas por John F. Kennedy, presidente de los Estados Unidos, 20 septiembre, 1963. (Record no. 86014)

MARC details
000 -LEADER
campo de control de longitud fija 00486nam a2200145 i 4500
001 - NÚMERO DE CONTROL
campo de control 86014
003 - IDENTIFICADOR DE NÚMERO DE CONTROL
campo de control ES-MaACL
005 - FECHA Y HORA DE LA ÚLTIMA TRANSACCIÓN
campo de control 20230906175346.0
007 - CAMPO FIJO DE DESCRIPCIÓN FÍSICA--INFORMACIÓN GENERAL
campo de control de longitud fija t|
008 - DATOS DE LONGITUD FIJA--INFORMACIÓN GENERAL
campo de control de longitud fija 041207s1963 sp ||||1| spa d
245 00 - MENCIÓN DEL TÍTULO
Título Discurso pronunciado en las Naciones Unidas por John F. Kennedy, presidente de los Estados Unidos, 20 septiembre, 1963.
260 ## - PUBLICACIÓN, DISTRIBUCIÓN, ETC.
Lugar de publicación, distribución, etc. [Madrid :
Nombre del editor, distribuidor, etc. Embajada de los Estados Unidos de América,
Fecha de publicación, distribución, etc. 1963]
300 ## - DESCRIPCIÓN FÍSICA
Extensión 10 h. ;
Dimensiones 17 cm.
852 ## - LOCALIZACIÓN
Ubicación ES-MaACL
Número de control de estantería 2051-F-10
Sublocalización o colección R.52843
Holdings
Estatus retirado Estado de pérdida Estado de daño No para préstamo Colección Biblioteca de origen Biblioteca actual Ubicación en estantería Fecha de adquisición Fuente de adquisición Total de préstamos Signatura topográfica completa Código de barras Visto por última vez Precio de reemplazo Tipo de ítem Koha
        Colección de folletos Biblioteca del Ateneo de Madrid Biblioteca del Ateneo de Madrid Depósito folletos 17/01/2008     2051-F-10 1089881 23/02/2023 23/02/2023 Folleto